000 00305nam a22001337a 4500
008 190304b xxu||||| |||| 00| 0 eng d
020 _a0316897175
041 _aeng
080 _22nd
_a530
100 _a43
101 _aFIZ
245 _aPhysics a general introduction
_cHeuvelen,A.V
942 _2udc
_cBK
999 _c54410
_d54410